Lost Lyrics (Linkin Park) - Statistics

General Stats
  • This quiz has been taken 11 times
  • The average score is 19 of 20
Answer Stats
Lyrics % Correct
And I'll never {break} {away} (Can't break free)
100%
'Cause when I'm {alone}
100%
Even thought it will {always} {be}
100%
(I'm {lost})
100%
I'm {lost} in these memories
100%
I {pretend} it isn't there (This is how I feel)
100%
I try to keep this pain {inside}
100%
I will never {break} {away} (Can't break free)
100%
Living behind my own {illusion}
100%
Living inside my own {confusion}
100%
{Lost} all my dignity
100%
Of the {damage} I've received
100%
Where the pain is {all} {I} {know} (This is all I know)
100%
{Broken} {promises} they made
91%
But I will never be {alright}
91%
I'm trapped in {yesterday} (Just a memory)
91%
Something I cannot {repair}
91%
And how {blindly} I believed (This is all I know)
82%
But I'm tired, I will always {be} {afraid}
82%
{Just} {a} {scar} somewhere down inside of me
73%
No matching quizzes found
Score Distribution
Percent of People with Each Score
Percentile by Number Answered
Your Score History
You have not taken this quiz